000 00812cam a22002533a 4500
001 20046
003 PGUSA
005 20140828083426.0
008 061208s2006||||xxu|||||s|||||000 | eng d
040 _aPGUSA
_beng
042 _adc
050 4 _aE201
100 1 _aHenry, Patrick,
_d1736-1799
245 1 0 _aGive Me Liberty or Give Me Death
_h[electronic resource] /
_cPatrick Henry
260 _bProject Gutenberg,
_c2006
506 _aPublic domain in the USA.
516 _aElectronic text
653 _aSpeeches, addresses, etc., American
653 _aVirginia -- Politics and government -- 1775-1783 -- Sources
653 _aUnited States -- Politics and government -- 1775-1783 -- Sources
830 0 _aProject Gutenberg
_v20046
856 4 0 _uhttp://www.gutenberg.org/ebooks/20046
942 _cEB
999 _c249301
_d249301